প্রত্নতত্ত্ব : (Record no. 9240)
[ view plain ]
| 000 -LEADER | |
|---|---|
| fixed length control field | 01114cam a22002532 4500 |
| 001 - CONTROL NUMBER | |
| control field | 9240 |
| 003 - CONTROL NUMBER IDENTIFIER | |
| rucl marc code | BD-RjUL |
| 005 - DATE AND TIME OF LATEST TRANSACTION | |
| control field | 20211208234737.0 |
| 008 - FIXED-LENGTH DATA ELEMENTS--GENERAL INFORMATION | |
| fixed length control field | 160831r20111998bg a||h| b 001 0 ben |
| 020 ## - INTERNATIONAL STANDARD BOOK NUMBER | |
| International Standard Book Number | 9840749145 |
| Terms of availability | : Tk. 250.00 |
| 035 ## - SYSTEM CONTROL NUMBER | |
| System control number | (BD-RjUL)9285 |
| 040 ## - CATALOGING SOURCE | |
| Original cataloging agency | DLC |
| Transcribing agency | DLC |
| Modifying agency | EQO |
| -- | BD-RjUL |
| Language of cataloging | ben |
| 041 ## - LANGUAGE CODE | |
| Language code of text/sound track or separate title | ben |
| 082 ## - DEWEY DECIMAL CLASSIFICATION NUMBER | |
| Classification number | 934.92 |
| Author mark and year | HOP 2011 |
| 100 ## - MAIN ENTRY--PERSONAL NAME | |
| Personal name | হোসেন, মো. মোশারফ |
| 9 (RLIN) | 153857 |
| 245 14 - TITLE STATEMENT | |
| Title | প্রত্নতত্ত্ব : |
| Remainder of title | উদ্ভব ও বিকাশ, পরিপ্রেক্ষিত বাংলাদেশ / |
| Statement of responsibility, etc. | মো. মোশারফ হোসেন |
| 260 ## - PUBLICATION, DISTRIBUTION, ETC. (IMPRINT) | |
| Place of publication, distribution, etc. | ঢাকা : |
| Name of publisher, distributor, etc. | বাংলা একাডেমী, |
| Date of publication, distribution, etc. | ১৯৯৮ [পুনর্মুদ্রণ ২০১১] |
| 300 ## - PHYSICAL DESCRIPTION | |
| Pagination | [১৫], ৩১৫ পৃ. : |
| Illustrations | চিত্র ; |
| Size | ২২ সেমি. |
| 490 ## - SERIES STATEMENT | |
| Series statement | বা /এ ; |
| Volume/sequential designation | ৪৯০৬ |
| 650 ## - SUBJECT ADDED ENTRY--TOPICAL TERM | |
| Source of heading or term | প্রত্নতত্ত্ব |
| Form subdivision | ইতিহাস |
| Geographic subdivision | বাংলাদেশ |
| 9 (RLIN) | 153858 |
| Topical term or geographic name as entry element | Archaeology |
| Form subdivision | History |
| Geographic subdivision | Bangladesh |
| 9 (RLIN) | 153859 |
| 830 ## - SERIES ADDED ENTRY--UNIFORM TITLE | |
| Uniform title | বা /এ ; |
| Volume number/sequential designation | ৪৯০৬ |
| 942 ## - ADDED ENTRY ELEMENTS (KOHA) | |
| Source of classification or shelving scheme | Dewey Decimal Classification |
| Koha item type | Books |
| Lost status | Source of classification or shelving scheme | Damaged status | Not for loan | Collection code | Permanent Location | Current Location | Shelving location | Date acquired | Source of acquisition | Cost, normal purchase price | Total Checkouts | Full call number | Date last seen | Date checked out | Copy number | Koha item type |
|---|---|---|---|---|---|---|---|---|---|---|---|---|---|---|---|---|
| Dewey Decimal Classification | Non-fiction | Central Library, University of Rajshahi | Central Library, University of Rajshahi | 23/06/2013 | Dhaka, Bangla Academy | 250.00 | 3 | B 934.92 HOP 2011 | 17/06/2025 | 28/05/2025 | C-2 | Books | ||||
| Dewey Decimal Classification | Not For Loan | Non-fiction | Central Library, University of Rajshahi | Central Library, University of Rajshahi | Reading Room | 23/06/2013 | Bangla Academy, Dhaka | 250.00 | B 934.92 HOP 2011 | 16/01/2017 | C-1 | Books |